000
00383 a2200169 4500
260
_a
Lusaka
260
_b
Ministry of Agriculture and Water Development
245
_a
General agronomy
300
_a
42p.
650
_a
AGRONOMIE
260
_c
1983
300
_b
ill.
130
_l
En
710
_a
Ministry of Agriculture and Water Development
999
_c
21184
_d
21184